000 01199cam a22003492 4500
001 1180645545
003 DE-627
005 20240828133135.0
007 tu
008 040329s1886 xx ||||| 00| ||ger c
035 _a(DE-627)1180645545
035 _a(DE-576)110645545
035 _a(DE-599)BSZ110645545
035 _a(OCoLC)180640106
040 _aDE-627
_bger
_cDE-627
_erakwb
041 _ager
100 3 _aRüdiger, ...
_4aut
245 1 4 _aDie Concessionirung gewerblicher Anlagen in Preußen :
_bSammlung aller darauf bezüglichen Reichs- u. Preußischen Gesetze, Ausführungs-Bestimmungen, Ministerial-Verordnungen u. technischen Anleitungen nebst Beispielen zu Concessions-Gesuchen und Concessions-Urkunden /
_cvon von Rüdiger
246 3 0 _aKonzessionierung
264 1 _aBerlin;
_aLeipzig:
_bGuttentag,
_c1886
300 _aXXV, 452 S.
336 _aText
_btxt
_2rdacontent
337 _aohne Hilfsmittel zu benutzen
_bn
_2rdamedia
338 _aBand
_bnc
_2rdacarrier
500 _aIn Fraktur
583 1 _aArchivierung prüfen
_c20200919
_fDE-640
_z1
_2pdager
653 _aKonzessionierung
653 _aAnlagen
653 _aPreußen
942 _2z
_cB
951 _aBO
999 _c373304
_d373304